The art and theory of dynamic programming

Αποθηκεύτηκε σε:
Λεπτομέρειες βιβλιογραφικής εγγραφής
Κύριοι συγγραφείς: Dreyfus, Stuart E., Law, Averill M. (Συγγραφέας)
Μορφή: Βιβλίο
Γλώσσα:English
Δημοσίευση: New York : Academic Press, 1977.
Σειρά:Mathematics in science and engineering ; 130
Θέματα:
Ετικέτες: Προσθήκη ετικέτας
Δεν υπάρχουν, Καταχωρήστε ετικέτα πρώτοι!

MARC

LEADER 00000cam a2200000 i 4500
001 1/60385
008 941103s1977 nyu ||| | eng||
020 |a 0122218604 
035 |l 10046247 
035 |a 1995  |c ΠΑΠΑΔΟΠΟΥΛΟΣ 
040 |a GR-MyUA  |b gre  |e AACR2 
041 0 |a eng 
082 0 |a 519.703  
100 1 |a Dreyfus, Stuart E. 
245 1 4 |a The art and theory of dynamic programming /   |c Stuart E. Dreyfus, Averill M. Law.  
260 |a New York :   |b Academic Press,   |c 1977.  
300 |a xv, 284 σ. :   |b εικ.   |c 24 εκ.  
490 1 |a (Mathematics in science and engineering   |v ; 130) 
504 |a Περιέχει βιβλιογραφικές αναφορές και ευρετήριο.  
650 0 0 |a Dynamic programming. 
700 1 |a Law, Averill M.  |e aut 
830 0 |a Mathematics in science and engineering ;  |v  130 
852 |a INST  |b SAMOS  |e 19941103  |h 519.703 DRE  |p 005300003976  |q 005300003976  |t BK  |y 0 
909 |a Σ  |b 019042